| 000 | 00885cam a2200289 a 4500 | ||
|---|---|---|---|
| 942 | _cBK | ||
| 999 |
_c522 _d522 |
||
| 001 | 14053723 | ||
| 003 | OSt | ||
| 005 | 20250420134814.0 | ||
| 008 | 050727s2006 nyu b 001 0 eng | ||
| 010 | _a 2005052282 | ||
| 020 | _a9780071465793 | ||
| 040 |
_aDLC _cKCST |
||
| 050 | 0 | 0 |
_aQA184.2 _b.M36 2006 |
| 082 | 0 | 0 |
_a512.5 _222 _bMc Li |
| 100 | 1 |
_aMcMahon, David _q(David M.) _94805 |
|
| 245 | 1 | 0 |
_aLinear algebra demystified : _ba self-teaching guide / _cDavid McMahon. |
| 260 |
_aNew York : _bMcGraw-Hill, _c2006. |
||
| 300 |
_ax, 255 p. ; _c24 cm. |
||
| 490 | 1 | _aDemystified series | |
| 504 | _aIncludes bibliographical references and index. | ||
| 650 | 0 |
_aLinear algebra _vPopular works. _94806 |
|
| 650 | 0 |
_aLinear algebra _vProblems, exercises, etc. _94807 |
|
| 655 |
_aProblems, exercises, etc. _94808 |
||
| 830 |
_aDemystified series _94809 |
||
| 942 | _2ddc | ||